000 00746nam a2200229 a 4500
001 000023308
005 20200930022128.0
008 101201s|||| ec r 000 c spa d
040 _aDO-SdBNP
_bspa
_cBNPHU
082 _aE863.42
_bC961c
100 1 _aCuadra, José de la
_947997
245 1 0 _aCuentos escogidos /
_cJosé de la Cuadra; introducción de Hernan Rodríguez Castelo.
260 _aQuito :
_bEducativas Ariel,
_c[19?].
300 _at.2 ;
_c18 cm.
490 1 _aClasicos Ariel,
_v50
500 _aIncluye lista de la colección
650 4 _aCuentos ecuatorianos
_917829
650 4 _aLiteratura ecuatoriana
_93938
700 1 _aRodríguez Castelo, Hernan
_eintrod.
_945487
830 0 _aClasicos Ariel,
_v50
_93125
049 _aBNGR
999 _c22805
_d22805